Les combattants de Dragon Ball FighterZ - Statistiques

Statistiques générales
  • Ce quiz a été pris 143 fois
  • Le résultat moyen est 31 sur 44
Statistiques - réponses
Personnages % Correct
Goku (Dragon Ball GT)
100%
Goku (Super Saiyan)
100%
Goku (Super Saiyen Bleu)
100%
Goku (Ultra Instinct)
100%
Vegeta
97%
Vegeta (Super Saiyen)
97%
Vegeta (Super Saiyen Bleu)
97%
Gohan (Ado)
92%
Gohan (Adulte)
92%
Goku
92%
Freezer
91%
C-18
86%
C-17
85%
Cell
84%
Trunks
83%
Krillin
81%
Yamcha
81%
C-16
79%
Gogeta (Super Saiyan Bleu)
78%
Gogeta (Super Saiyen 4)
78%
Broly
76%
Broly (Dragon Ball Super)
76%
Piccolo
76%
Beerus
72%
Ten Shin Han
71%
Gotenks
69%
Jiren
68%
C-21
66%
C-21 (veste de labo)
66%
Nappa
66%
Hit
59%
Videl
57%
Cooler
54%
Tortue Géniale
54%
Bardock
53%
Black Goku
53%
Kefla
53%
Ginyu
50%
Janemba
48%
Majin Boo
45%
Vegito (Super Saiyen Bleu)
35%
Zamazu (Fusionné)
26%
Super Baby 2
22%
Petit Boo
7%
Aucun quiz correspondant
Distribution des résultats
% des personnes avec chaque résultat
Percentile par nombre de réponses
Votre historique - résultats
Vous n’avez pas pris ce quiz